Statistics for Movie Characters Quiz #1

Click here to take the quiz!

General Stats

  • This quiz has been taken 123,701 times
    (96,575 since last reset)
  • The average score is 12 of 24

Answer Stats

Character Movie % Correct
Capt. Jack SparrowPirates of the Caribbean
94%
GollumThe Lord of the Rings
91%
Cruella de Vil101 Dalmatians
86%
Marty McFlyBack to the Future
85%
Lieutenant DanForrest Gump
79%
Freddy KruegerA Nightmare on Elm Street
77%
James T. KirkStar Trek
73%
MorpheusThe Matrix
68%
Ron BurgundyAnchorman
67%
Apollo CreedRocky
61%
Ellen RipleyAlien
51%
Tyler DurdenFight Club
49%
Elwood BluesThe Blues Brothers
41%
Nurse RatchedOne Flew Over the Cuckoo's Nest
41%
Keyser SözeThe Usual Suspects
38%
Patrick BatemanAmerican Psycho
34%
Sherman KlumpThe Nutty Professor
30%
Jake SullyAvatar
28%
George BaileyIt's a Wonderful Life
27%
Dirk DigglerBoogie Nights
25%
Blanche DuBoisA Streetcar Named Desire
24%
Elizabeth BennettPride & Prejudice
24%
Dr. King SchultzDjango Unchained
19%
Johnny UtahPoint Break
18%

Score Distribution

Percentile by Number Answered

Percent of People with Each Score

Your Score History

You have not taken this quiz since the last reset